[Event "Reykjavik op"]
[Site "Reykjavik"]
[Date "2016.03.12"]
[Round "6"]
[White "Ramirez Alvarez, Alejandro"]
[Black "Sachdev, Tania"]
[Result "0-1"]
[WhiteElo "2564"]
[BlackElo "2370"]
[Annotator "Schulz,Andre"]
[PlyCount "72"]
[EventDate "2016.03.08"]
[EventType "swiss"]
[EventRounds "10"]
[EventCountry "ISL"]
[SourceTitle "CBM 171 Extra"]
[Source "ChessBase"]
[SourceDate "2016.04.26"]
[SourceVersion "1"]
[SourceVersionDate "2016.04.26"]
[SourceQuality "1"]

1. Nf3 d5 2. c4 e6 3. g3 dxc4 4. Qa4+ Nd7 5. Qxc4 a6 6. Bg2 b5 7. Qc2 Bb7 8.
O-O Ngf6 9. a4 c5 10. Nc3 Qb6 11. d3 Be7 12. axb5 axb5 13. Rxa8+ Bxa8 14. Qb3
Nd5 15. e4 (15. Bg5 Nxc3 16. Qxc3 f6 17. Bd2 O-O 18. Ra1 Bb7 19. Ne1 Bxg2 20.
Nxg2 Qc6 21. Qb3 c4 22. dxc4 bxc4 23. Qc2 Nb6 24. Rc1 Rc8 25. h4 Nd5 26. e4 Nb6
27. Be3 Nd7 28. Bd4 e5 29. Bc3 Nc5 30. Bb4 Nd3 31. Bxe7 Nxc1 32. Qxc1 Qxe4 33.
Ne3 Qd3 34. Bb4 h5 35. Bc3 Kh7 36. Qf1 Qxf1+ 37. Kxf1 Kg6 38. f4 exf4 39. gxf4
Kf7 40. f5 Ke7 41. Bb4+ Kd7 42. Kf2 Rb8 43. Bc3 Kd6 44. Kf3 Kc5 45. Ng2 Rd8 46.
Nf4 Rd1 47. Ne6+ Kd5 48. Nxg7 Rf1+ 49. Kg2 Rf4 50. Bxf6 Ke4 51. Nxh5 Rg4+ 52.
Ng3+ Kf4 53. Bg5+ {1-0 (53) Aronian,L (2797)-Wojtaszek,R (2744) Beijing 2014})
15... Nb4 16. Ne2 O-O (16... Qa6 17. Bd2 Nc6 18. d4 b4 19. Re1 cxd4 20. Nexd4
Nxd4 21. Nxd4 O-O 22. Bxb4 Rb8 23. Qa3 Qxa3 24. Bxa3 Bf6 25. Rd1 Ne5 26. Nf3
Nc4 27. e5 Bxf3 28. Bxf3 Bxe5 29. Be2 Nxb2 30. Rd7 Na4 31. Ra7 Nc3 32. Bc4 Ne4
33. Rd7 g6 34. Kg2 Rc8 35. Bd3 Nf6 36. Ra7 h5 37. h3 Rd8 38. Bc4 Ne4 39. f4 Bd6
40. Bxd6 Rxd6 41. g4 Rd4 42. Ba2 Nc3 43. Kg3 hxg4 44. hxg4 Ne2+ 45. Kh4 Nxf4
46. Kg5 Kg7 47. Bb3 Nd5 48. Rb7 Nf4 49. Ba2 Nh3+ 50. Kh4 Rd3 51. Bc4 g5+ 52.
Kh5 Rd8 {0-1 (52) Kulon,K (2301)-Guo,Q (2453) Tromso 2014}) 17. Be3 Qa6 18. Rd1
Bc6 19. Ne1 c4 (19... Rd8 $15 {mit der Idee} 20. Z0 Ne5) 20. dxc4 bxc4 21. Qc3
Nf6 22. f3 Na2 23. Qe5 {[#]} Qb7 $15 {Schwarz steht aktiver. Weiß muss sich
um seinen b2 kümmern und die weiße Dame kann im Zentrum schnell ins
Gedränge kommen.} 24. Nd4 Ba4 25. Ra1 Qxb2 26. Nc6 Qxe5 27. Nxe5 Bb3 28. Nc6
Ba3 29. Nc2 Bb2 30. Rb1 Nc3 $1 (30... c3 31. N2d4 Ba4 32. Bf1 Ra8 $15 {ist
weniger klar.}) 31. Rxb2 Nd1 {[#]} 32. Rb1 $2 ({Besser war} 32. Bc5 Nxb2 (32...
Ra8 33. Rb1 Bxc2 34. Rc1 $11) 33. Bxf8 Kxf8 34. Ne3 c3 35. Nd4 Ba4 $17) 32...
Bxc2 $19 33. Rc1 Nxe3 34. Kf2 Nd1+ 35. Ke2 Bb3 36. Nd4 Nb2 0-1

[Event "AUT-ch"]
[Site "Moesern"]
[Date "1997.08.03"]
[Round "2"]
[White "Sommerbauer, Norbert"]
[Black "Lehner, Oliver"]
[Result "0-1"]
[WhiteElo "2395"]
[BlackElo "2400"]
[Annotator "Sommerbauer,N"]
[PlyCount "76"]
[EventDate "1997.08.??"]
[EventType "tourn"]
[EventRounds "15"]
[EventCountry "AUT"]
[EventCategory "6"]
[SourceTitle "CBM 059 Extra"]
[Source "ChessBase"]
[SourceDate "1997.09.26"]
[SourceVersion "1"]
[SourceVersionDate "1997.09.26"]
[SourceQuality "1"]

1. Nf3 d5 2. c4 e6 3. g3 Nf6 4. Bg2 dxc4 5. Qa4+ Nbd7 6. Qxc4 a6 7. Qc2 c5 8.
O-O Be7 $6 (8... b5 {/\ 9.Ne5 Nd5}) 9. Nc3 O-O 10. d4 cxd4 (10... Ra7 $5 {
/\ 11...b5, 12. Bb7}) 11. Nxd4 Nb6 $6 (11... Bc5 12. Rd1 Qe7) 12. Rd1 Qc7 13.
Bg5 Bd7 $6 (13... h6 14. Bxf6 Bxf6 15. Ne4 Be5 $5 (15... Qxc2 16. Nxf6+ gxf6
17. Nxc2 $16) 16. Qxc7 Bxc7 17. Rac1 $14) 14. Rac1 h6 (14... Rac8 15. Qb3 {
/\ 16.Nd5} Nc4 16. Qxb7 Qxb7 17. Bxb7 $16 Rc7 (17... Nxb2 18. Bxc8 Rxc8 19. Rf1
$18 (19. Rd2 $4 Ne4 20. Nxe4 Rxc1+ 21. Kg2 Bxg5)) 18. Bxa6 Nxb2 19. Ne4 (19.
Bxf6 $16)) 15. Bxf6 (15. Nd5 $2 Nbxd5 16. Qxc7 Nxc7 17. Bxf6 Bxf6 18. Rxc7 Rad8
$1 {/\ Bc8, e5}) 15... Bxf6 16. Ne4 Qxc2 17. Nxf6+ gxf6 18. Rxc2 (18. Nxc2 $5 {
/\ 19.Rd6}) 18... Rab8 19. Rc7 (19. Nb3 $1 $16) 19... e5 20. Nb3 Bb5 $132 21.
Rxb7 Bxe2 22. Rd6 Nc4 23. Rxb8 Rxb8 $6 (23... Nxd6 $1 24. Rxf8+ Kxf8 25. Bf1
Bxf1 26. Kxf1 Nc4 27. Nc5 Nxb2 28. Nxa6 $14) 24. Rxf6 (24. Rxa6 $5 Rd8 25. h3 (
25. f3) (25. Ra8)) 24... Rd8 25. h3 Rd1+ 26. Kh2 Nxb2 (26... a5 27. Rxh6 a4 28.
Nc5 Nxb2 29. Rb6 $18) (26... h5 27. Rxa6 Nxb2 28. Rc6 $16) (26... Kg7 27. Rxa6
Nxb2 (27... Ne3 28. Rc6 Nxg2 29. Kxg2 e4 30. g4 $18 (30. Rc1)) 28. Rc6 $16) 27.
Rxh6 Kg7 (27... Nd3 28. Rxa6 Nxf2 29. Ra7 $18) 28. Rc6 $1 Nd3 29. Rc2 Bh5 (
29... Re1 $5 30. f3 f5 $16) 30. Be4 $1 $138 f5 $4 $138 31. Bxf5 $18 Ne1 (31...
Bf3 32. g4) 32. Rc1 (32. g4 $2 Nxc2 33. Bxc2 Re1 34. gxh5 Re2 $13) 32... Nf3+
33. Kg2 Ne1+ 34. Kf1 Rxc1 35. Nxc1 Nf3 36. Nb3 Bf7 37. Bc2 $4 (37. h4 Bxb3 38.
axb3 Nd2+) (37. Bd3 Bxb3 38. axb3 Nd2+ 39. Ke2 Nxb3 40. Bxa6 $18) 37... Bc4+
38. Kg2 Ne1+ (38... Bd5 39. Bd1 $1) 0-1

[Event "Belgrade GMA op"]
[Site "Belgrade"]
[Date "1988.??.??"]
[Round "?"]
[White "Rukavina, Josip"]
[Black "Franzen, Jozef"]
[Result "1/2-1/2"]
[WhiteElo "2455"]
[BlackElo "2320"]
[Annotator "Stohl,I"]
[PlyCount "39"]
[EventDate "1988.12.??"]
[EventType "swiss"]
[EventRounds "9"]
[EventCountry "YUG"]
[SourceTitle "TD"]
[Source "ChessBase"]
[SourceDate "1994.03.01"]
[SourceVersion "1"]
[SourceVersionDate "1994.03.01"]
[SourceQuality "1"]

1. Nf3 Nf6 2. c4 e6 3. g3 d5 4. Bg2 dxc4 5. Qa4+ Nbd7 6. Qxc4 c5 7. d3 a6 8.
Qb3 Ra7 9. O-O b6 10. a4 Bb7 11. Nbd2 Be7 12. Nc4 O-O 13. e4 Bc6 14. Bf4 Ra8
15. Qc3 $6 (15. Bh3 $1 $36 {Lobron}) 15... Rc8 16. Nd6 Ra8 17. Nc4 Rc8 18. Qb3
Ra8 19. Bd2 Qc7 20. Bf4 1/2-1/2

[Event "Bonn GSK"]
[Site "Bonn"]
[Date "1994.??.??"]
[Round "4"]
[White "Wojtkiewicz, Aleksander"]
[Black "Romanishin, Oleg M"]
[Result "1/2-1/2"]
[WhiteElo "2560"]
[BlackElo "2590"]
[Annotator "Von Gleich,A"]
[PlyCount "52"]
[EventDate "1994.??.??"]
[EventType "tourn"]
[EventRounds "9"]
[EventCountry "GER"]
[EventCategory "12"]
[SourceTitle "CBM 040"]
[Source "ChessBase"]
[SourceDate "1994.06.01"]
[SourceVersion "1"]
[SourceVersionDate "1994.06.01"]
[SourceQuality "1"]

1. Nf3 {Ribli} Nf6 2. c4 e6 3. g3 a6 4. b3 c5 5. Nc3 (5. Bg2 $5 {Ribli} b5 6.
Nc3 Qa5 $5 $13 {Ribli,Z-Romanishin,O/Altensteig/1992/CBM31/}) 5... d5 (5... b6
{Ribli -> A30}) 6. cxd5 exd5 7. d4 cxd4 8. Nxd4 Bb4 9. Bd2 (9. Bb2 {Ribli} Ne4
10. Rc1 Qa5 $15) 9... Qb6 10. e3 (10. Nc2 $5 {Ribli}) 10... Nc6 11. Na4 Qa5 12.
Nxc6 (12. a3 {Ribli} Bxd2+ 13. Qxd2 Qxd2+ 14. Kxd2 Ne4+ 15. Ke1 Nxd4 16. exd4
Bf5 $10) 12... bxc6 13. f3 (13. Bg2 $5 {Ribli}) 13... O-O 14. a3 Bxd2+ 15. Qxd2
Qc7 16. Kf2 $2 (16. Rc1 Re8 17. Nc5 Qe7 18. Kf2) 16... a5 17. Nc5 (17. Rc1 $5 {
Ribli}) 17... Qe7 18. Qd4 Nd7 19. Rc1 Rb8 20. b4 axb4 21. axb4 Re8 22. Bd3 (22.
Be2 $2 {Ribli} Rxb4 $1 23. Qxb4 Qxe3+ 24. Kg2 Qxe2+ 25. Kg1 Ne5 $19) 22... Ne5
(22... Rxb4 23. Qxb4 Qxe3+ 24. Kg2 Nxc5 25. Qxc5 Qxd3) 23. Be2 Nc4 (23... Rxb4
24. Qxb4 Ng4+ 25. fxg4 (25. Kg2 Qxe3) 25... Qxe3+ 26. Kf1 Qxe2+ 27. Kg1 Bxg4
28. Qd4 Bf3 (28... Bh3 29. Qf2 Qb5 30. Ra1 h5 (30... g6 31. g4 Re2 32. Ra8+ Kg7
33. Qd4+ Kh6 34. Qf4+) (30... f6 31. Qd4 Re2 32. Ra8+ Kf7 33. Ra7+ Kg6 34. Qd3+
Qxd3 35. Nxd3 Rg2+ 36. Kf1 Rd2+ 37. Ke1 Rxd3) 31. Qc2) 29. Qf2) 24. Bxc4 Rxb4
25. Rhe1 Rxc4 26. Rxc4 dxc4 1/2-1/2

[Event "Bonn GSK"]
[Site "Bonn"]
[Date "1995.??.??"]
[Round "11"]
[White "Grimm, Sascha"]
[Black "Kengis, Edvins"]
[Result "0-1"]
[WhiteElo "2315"]
[BlackElo "2575"]
[Annotator "Von Gleich,A"]
[PlyCount "60"]
[EventDate "1995.??.??"]
[EventType "tourn"]
[EventRounds "11"]
[EventCountry "GER"]
[EventCategory "8"]
[SourceTitle "CBM 045"]
[Source "ChessBase"]
[SourceDate "1995.04.01"]
[SourceVersion "1"]
[SourceVersionDate "1995.04.01"]
[SourceQuality "1"]

1. Nf3 Nf6 2. c4 e6 3. g3 a6 4. Nc3 d5 5. cxd5 (5. Bg2 dxc4 6. Qa4+ b5 7. Nxb5
Bd7 8. Nfd4 e5 9. Bxa8 exd4 10. Qxc4 Bxb5 11. Qb3) 5... exd5 6. d4 c6 7. Bg2
Bd6 8. O-O O-O 9. Qd3 (9. Qc2 Nbd7 10. Rb1 a5 11. a3 {und a4 isr überdeckt im
Gegensatz zu Dd3!}) 9... Nbd7 10. Nd2 (10. Rb1) 10... Be7 11. Rb1 a5 12. b3 b5
$1 13. Re1 Ba6 14. Qf3 b4 15. Na4 Bb5 16. Nb2 Qb6 17. Qf4 Rfe8 18. Nd3 Bd6 {[#]
} 19. Qxd6 Bxd3 20. Rb2 Bxe2 21. Rc2 Bb5 22. Rxe8+ Rxe8 23. Nf3 Nf8 24. Be3 Ne4
25. Qf4 Nf6 26. Qf5 Qd8 27. Bf1 Bxf1 28. Kxf1 Qe7 29. Qf4 Qd7 30. Ng5 Ng6 (
30... Ng6 31. Qf3 h6 32. Nxf7 Kxf7) 0-1

[Event "Zalakaros op 34th"]
[Site "Zalakaros"]
[Date "2015.05.19"]
[Round "6"]
[White "Diermair, Andreas"]
[Black "Wagner, Dennis"]
[Result "0-1"]
[WhiteElo "2488"]
[BlackElo "2572"]
[Annotator "Wagner,D"]
[PlyCount "100"]
[EventDate "2015.05.14"]
[EventType "swiss"]
[EventRounds "9"]
[EventCountry "HUN"]
[SourceTitle "CBM 167"]
[Source "ChessBase"]
[SourceDate "2015.07.13"]
[SourceVersion "1"]
[SourceVersionDate "2015.07.13"]
[SourceQuality "1"]
[TimeControl "40/5400+30:1800+30"]

{The following game was my best achievement at the strong Open in Zalakaros
and includes brilliant tactical ressources, as well as an interesting and
rather fresh opening scheme.} 1. Nf3 {[%emt 0:00:03]} Nf6 {[%emt 0:00:40]} 2.
c4 {[%emt 0:00:07]} e6 {[%emt 0:00:07]} 3. g3 {[%emt 0:00:40]} d5 {[%emt 0:00:
07]} 4. Bg2 {[%emt 0:00:18]} dxc4 {[%emt 0:01:31]} 5. Qa4+ {[%emt 0:03:27]} Bd7
$5 {[%emt 0:00:10] an interesting and rather unknown setup (a pet variation of
Riazantsev and Buhmann), exactly the right choice of opening against a
theoretically well prepared opponent.} 6. Qxc4 {[%emt 0:00:07]} c5 {[%emt 0:00:
07]} 7. Ne5 {[%emt 0:01:47]} Qc8 $1 {[%emt 0:00:08] Black is giving up the
pair of bishops, but in return gains good central control and an outpost on d4.
} 8. b3 $6 {[%emt 0:10:07] The setup with the bishop on b2 is rather slow and
not dangerous for Black at all. White is now the one fighting for equality.} (
8. Nc3 Nc6 9. Nxd7 Qxd7 10. O-O Rc8 11. d3 Be7 12. Qa4 O-O 13. Bd2 Rfd8 14.
Rfd1 (14. a3 Nd4 15. Qd1 b6 16. Re1 h6 $11 {1/2 (45)-1/2 (45) Yilmaz,M (2565)
-Buhmann,R (2597) Germany 2014}) 14... b6 15. Rab1 Qb7 16. a3 a6 17. Rdc1 b5
18. Qd1 Qb6 $11 {1/2 (38)-1/2 (38) Georgiev,K (2626) -Khairullin,I (2638)
Bilbao 2014}) (8. d3 Nc6 9. Nxd7 Qxd7 10. Nd2 Be7 11. Nf3 O-O 12. O-O Rac8 13.
Bd2 Rfd8 14. Rac1 Nd5 15. Rfd1 Bf6 16. Qb3 Nde7 17. Bc3 Bxc3 18. bxc3 b6 $11 {
½ (77) Bluebaum,M (2537)-Buhmann,R (2601) Verden an der Aller 2014. Black's
play was easy and he managed to push a little longer. This game attracted my
attention for this line.}) 8... Nc6 {[%emt 0:01:29]} 9. Nxd7 {[%emt 0:02:08]}
Qxd7 {[%emt 0:00:06]} 10. Bb2 {[%emt 0:00:30]} Be7 {[%emt 0:01:27]} 11. O-O {
[%emt 0:02:33]} O-O {[%emt 0:01:19]} 12. d3 {[%emt 0:04:17]} Nd4 {[%emt 0:08:
14]} (12... Rac8 $6 {allows White to activate his rook from a1.} 13. Nd2 Nd4
14. Rae1 b5 15. Qc1 {and the coordination of the white pieces is better than
in the game.}) 13. Re1 {[%emt 0:00:23]} Rac8 {[%emt 0:00:41]} 14. Nd2 {[%emt 0:
01:08]} b5 {[%emt 0:06:46] The only sensible plan for White in this kind of
structure is to prepare d4 by playing e3 in order to open the position for the
bishops. For this reason he needs a rook on d1 and so I decided to play b5
immediately to interrupt his coordination.} (14... Rfd8 15. Rad1 $1 {It's
important to get the rook to this square.} Nd5 $5 (15... b5 16. Qc1 $14) 16. a3
$1 (16. e3 {runs into concrete problems.} Nb4 $1 17. a4 $1 (17. a3 b5 18. Qc3
Bf6 $19) (17. exd4 cxd4 18. Qxd4 Qxd4 19. Bxd4 Rxd4 20. Bxb7 Rc7 $15) 17... a6
(17... b6 18. Ne4 Ndc6 $11) 18. a5 Bf8 (18... Ndc6 19. Qg4 Bf8 20. Ne4 $36) 19.
Ne4 Qe7 20. Rd2 Ndc6 21. Ra1 Rd5 $15) 16... Nb5 17. Qc1 Bf6 18. Bxf6 Nxf6 19.
e3 $11) 15. Qc1 {[%emt 0:02:29]} Rfd8 {[%emt 0:01:20] preventing e3.} 16. Ne4 {
[%emt 0:11:28]} (16. e3 $2 Nc6 17. Bf1 Nb4 $17) (16. a3 $5 {is more flexible}
h5 $5 {Black needs to get counterplay, since White has the long-term strategic
pluses.} (16... Nd5 17. Rb1 a6 18. e3 Nc6 19. Rd1 {and White´s play is more
pleasant.}) 17. e3 (17. h4 Ng4 18. Qd1 (18. e3 $2 Nc6 19. Bf1 Nce5 $17) 18...
Nf5 $36) 17... Nc6 18. Bf1 h4 $36) (16. a4 a6 17. axb5 axb5 {[%csl Rb3]}) 16...
c4 $5 {[%emt 0:16:04] An interesting try, but White has a saving oppurtunity.
Anyway it was a good idea to open the position now, because White still has
bad coordination and he only has chances himself, if he manages to consolidate.
} (16... Nd5 $1 {connected with a nice tactical idea this might be objectively
stronger.} 17. e3 (17. Qd1 Nb4 $15) 17... f5 $1 {I did not reckon with this
great possiblity during the game.} (17... Nf5 18. a3 $14) 18. exd4 (18. Nc3 Nb4
19. Rd1 a6 20. Rd2 Ndc6 21. d4 Na5 $15 {[%cal Gc5c4]}) 18... cxd4 19. Qd2 (19.
Qd1 fxe4 20. Bxe4 Bb4 21. Re2 Bc3 $15) 19... Bb4 20. Nf6+ gxf6 21. Bxd5 Bxd2
22. Bxe6+ Qxe6 23. Rxe6 Rc2 24. Rb1 Bc3 25. Bc1 Kf7 26. Ra6 Re8 $15) 17. dxc4 {
[%emt 0:11:34]} bxc4 {[%emt 0:00:36]} 18. Bxd4 $2 {[%emt 0:09:21] I was quite
relieved when confronted with this move, because it seemed rather dubious at
first sight. I took my time for a long think in order to find the most
promising continuation.} (18. bxc4 $1 Qa4 {In order to avoid the exchange sac,
I intended this queen sortie, when I played c4.} (18... Nxe4 19. Bxe4 Bb4 20.
e3 $1 Bxe1 (20... Bd2 21. Qb1) 21. exd4 {During the game I wasn't satisfied
with this position. White has very decent compensation.} Ba5 22. Qc2 $44) 19.
e3 {Only after the game did I realise that this is just possible; not only ...
Nc2 but also ...Rxc4 is refuted by Nc3!} Nxe4 (19... Rxc4 20. Nc3) 20. Bxd4 (
20. Bxe4 Rxc4) 20... Rxc4 21. Qb2 Ba3 22. Qb3 Nd2 23. Qxa4 Rxa4 $11) 18... Nxe4
$1 {[%emt 0:29:10] I had done quite a lot of calculating work before this move
and found many spectacular resources.} (18... Qxd4 19. Rd1 Qe5 (19... Qxd1+ 20.
Qxd1 Rxd1+ 21. Rxd1 c3 22. Nxf6+ gxf6 23. Be4 $1 {is a draw.}) 20. Rxd8+ Rxd8
21. Qc3 Qxc3 22. Nxc3 Rd2 {Black keeps only a slight initiative, that should
evaporate into a draw.}) (18... cxb3 19. Qb2 Qxd4 20. Qxd4 Rxd4 21. Nxf6+ Bxf6
22. axb3 $11) 19. Rd1 {[%emt 0:03:04] the most natural response, where I had
prepared a very beautiful sequence.} (19. e3 {During the game I thought that
this saves White, but there is a fantastic tactical stroke!} Nxf2 $3 20. Kxf2
cxb3 21. Qd1 (21. Qb1 e5 22. Bxe5 Rc2+ 23. Kg1 Qd2 $19) 21... e5 22. Bxe5 Qf5+
23. Qf3 Qxe5 24. axb3 Rc2+ 25. Kg1 Bc5 $17) (19. Be5 {is also not enough.} Qb5
$1 (19... cxb3 20. Qb2) 20. Qf4 (20. Bxe4 Qxe5 $17) 20... Nxf2 $1 21. Kxf2 (21.
Rf1 f6 22. Bd4 Nd3 23. exd3 Rxd4 24. dxc4 (24. Qxd4 Bc5 $19) 24... Qb6 $17)
21... cxb3 22. a4 (22. axb3 Rc5 $1 $17) 22... Qb6+ 23. Kf1 (23. e3 g5 24. Qe4
f5 $19) 23... f6 $17) 19... cxb3 {[%emt 0:00:14]} 20. Qb1 $2 {[%emt 0:08:23]} (
20. Qb2 $1 {is the critical line, but refuted in great style:} Nc3 $3 21. Rd3
$1 (21. Bxc3 Qxd1+ 22. Rxd1 Rxd1+ 23. Bf1 Rxc3 $1 24. Qxc3 bxa2 $19) 21... Ba3
$3 {the second point.} 22. Qxc3 $1 {This is definitely the best saving chance.}
(22. Qxa3 Nxe2+ 23. Kh1 bxa2 $19) 22... Rxc3 23. Bxc3 Qc7 24. Rxd8+ Qxd8 25.
axb3 Bc5 $15 {It's very difficult to win such a position.}) 20... Nc3 {[%emt 0:
06:21]} 21. Bxc3 {[%emt 0:00:09]} bxa2 $1 {[%emt 0:03:50] An important
intermediate move, maximising the advantage.} (21... Qxd1+ 22. Qxd1 Rxd1+ 23.
Rxd1 Rxc3 24. axb3 Rxb3 25. Rd7 Bc5 $15 {is not so clear.}) 22. Qd3 {[%emt 0:
08:34]} (22. Qb3 Qxd1+ $1 23. Rxd1 Rxd1+ 24. Qxd1 Rxc3 $19 {The second
important line, consisting of a queen sac.}) 22... Qxd3 {[%emt 0:00:07]} 23.
exd3 {[%emt 0:02:22]} Rxc3 {[%emt 0:00:06]} 24. Rxa2 {[%emt 0:00:05]} Bc5 $1 {
[%emt 0:00:56] With a pawn up and a very bad structure on White's side, this
ending is technically won.} 25. Bf1 {[%emt 0:02:34]} g6 {[%emt 0:01:07]} 26.
Rb1 {[%emt 0:00:41]} Bb6 {[%emt 0:00:29]} 27. Kg2 {[%emt 0:01:26]} Rdc8 {
[%emt 0:00:53]} 28. Be2 {[%emt 0:01:11]} Kg7 {[%emt 0:00:46]} 29. Rb4 {[%emt 0:
02:01]} Rc2 {[%emt 0:01:49]} 30. Rbb2 {[%emt 0:00:32]} Rc1 {[%emt 0:00:37]} 31.
Rb4 {[%emt 0:01:01]} R8c2 {[%emt 0:00:53]} 32. Rbb2 {[%emt 0:02:25]} Rxb2 {
[%emt 0:02:50]} 33. Rxb2 {[%emt 0:00:01]} Kf6 {[%emt 0:00:15]} (33... e5 $5 34.
Kf3 f5 35. h4 Bd4 36. Rb7+ (36. Ra2 Rg1 37. Rc2 a5 $19) 36... Kh6 37. g4 fxg4+
38. Kxg4 Bxf2 $19) 34. f4 {[%emt 0:02:28]} Ke7 {[%emt 0:05:33]} 35. Kf3 {
[%emt 0:01:52]} Kd6 {[%emt 0:00:08]} 36. Ke4 $6 {[%emt 0:02:05] Losing another
pawn.} (36. Rb4 Kc5 37. Ra4 Kd5 (37... a5 38. d4+) 38. Rb4 Rc2 $19) (36. g4 f5
37. gxf5 exf5 $19) 36... Rh1 {[%emt 0:01:25]} 37. h4 {[%emt 0:00:19]} f5+ {
[%emt 0:02:56]} 38. Kf3 {[%emt 0:00:09]} Rh2 {[%emt 0:00:31]} 39. g4 {[%emt 0:
00:04]} Rxh4 {[%emt 0:02:50]} 40. Kg2 {[%emt 0:00:00]} fxg4 {[%emt 0:00:00]}
41. Rb5 {[%emt 0:06:47]} h5 {[%emt 0:05:28]} 42. Rg5 {[%emt 0:00:31]} Be3 {
[%emt 0:00:34]} 43. Rxg6 {[%emt 0:00:16]} Bxf4 {[%emt 0:00:20]} 44. d4 {
[%emt 0:00:25]} Rh2+ {[%emt 0:00:14]} 45. Kf1 {[%emt 0:00:01]} Kd5 {[%emt 0:00:
57]} 46. Ba6 {[%emt 0:00:18]} g3 {[%emt 0:02:14]} 47. Bb7+ {[%emt 0:00:27]}
Kxd4 {[%emt 0:00:19]} 48. Rxe6 {[%emt 0:00:08]} Rf2+ {[%emt 0:00:17]} 49. Kg1 {
[%emt 0:00:26]} Be3 {[%emt 0:01:12]} 50. Kh1 {[%emt 0:00:17]} Rh2# 0-1

[Event "EU-ch 2nd"]
[Site "Ohrid"]
[Date "2001.06.11"]
[Round "10"]
[White "Wells, Peter K"]
[Black "Short, Nigel D"]
[Result "1/2-1/2"]
[WhiteElo "2522"]
[BlackElo "2676"]
[Annotator "Wells,P"]
[PlyCount "48"]
[EventDate "2001.06.01"]
[EventType "swiss"]
[EventRounds "13"]
[EventCountry "YUG"]
[SourceTitle "CBM 084"]
[Source "ChessBase"]
[SourceDate "2001.09.13"]
[SourceVersion "1"]
[SourceVersionDate "2001.09.13"]
[SourceQuality "1"]

1. Nf3 d5 2. c4 e6 3. g3 a6 $6 {I was ready for the Catalan, and for 3...dxc4,
but not really for this. Still, the next move is obvious enough.} 4. b3 Nf6 5.
Bg2 Be7 6. O-O O-O 7. Bb2 dxc4 8. bxc4 c5 9. Nc3 {Since this is really about
the psychology, it is worth mentioning 3...a6 had probably had the desired
result of putting me into 'desire to punish' mode. It also helped to bring out
some of the worst, most time-consuming traits of perfectionism. I seem to
remember convincing myself that somehow 9 Nc3 had not been accurate, but of
course I have no idea why!} Nc6 10. e3 Qd3 $6 11. Na4 {[%csl Rb6,Rc5]} Nd7 12.
Rc1 Rb8 13. Ne1 Qg6 14. d4 $14 {at least. The extent to which I overestimated
this position is unclear, but its richness in possibilities for white, and
above all the difficulties for black in organising counterplay suggest that it
should be handled in a non-commital and flexible manner. However, it is well
worth remembering that with every decision certain other possibilities are
ruled out. This is inevitable and should be accepted. I was trying to have my
cake and eat it - I wanted progress but became fearful of the simplification
that accompanies it.} cxd4 15. exd4 Rd8 16. d5 {Definitely OK, but as NIgel
argued afterwards, such a commital move helps to define the task for the
defender.} exd5 17. cxd5 Na7 $1 {[%cal Ga7b5] At least black has a good square.
Here commences the irrational process by which I thought my initiative was
being whittled away. In the cold light of day, it seems obvious that if I am
going to enter on the dark squares, this will be a consequence of an exchange
of dark squared bishops, and that moreover, my knights on e1 and a4 need
centralising towards these squares. At the time I could see only
simplification, and the move from a position in which black could hardly
develop, into one in which his pieces could finally emerge.} 18. Nd3 Nb5 19.
Re1 Bf6 20. Qe2 $1 Bxb2 21. Naxb2 $1 {All good moves, as I realised shortly
after the game!} Nf8 22. Ne5 Qf6 23. Nbc4 Bf5 24. Qe3 $1 {Again, using the
queen to control dark squares. The d-pawn is unambiguously strong, the knights
eyeing f7 and well placed to prevent any serious blockade on d6. Meanwhile
white threatens g4, followed by f4 and g5. This is a serious matter, hence} h5
{and a draw offer. Of course, my number one crime was time consumption, and
perhaps a little too much respect for the opponent early in the game. By now
the zeitnot was serious, but why the belief that the advantage was diminishing.
} ({In fact after the simple and natural} 24... h5 25. a4 Nd6 26. Nxd6 {
white's plus is as healthy as ever, and neither} Rxd6 ({nor} 26... Qxd6 27. Qf4
) 27. Rc7 $16 {looks very rosy for black.}) 1/2-1/2